Three Real & One Fake - Authors & Books - Statistics

General Stats
  • This quiz has been taken 335 times
  • The average score is 6 of 15
Answer Stats
Question Answer % Correct
Charles Dickens did not write Heat and Dust
91%
Roald Dahl did not write My Hands are Magic
68%
Kurt Vonnegut did not write Owls Do Cry
55%
Stephen King did not write Prey
55%
Ayn Rand did not write Regeneration
45%
George Eliot did not write Song of Solomon
45%
James Joyce did not write Strumpet City
45%
Gustave Flaubert did not write The Flowers of Evil
36%
James Patterson did not write Fool Me Once
32%
John Grisham did not write Frost in May
32%
Mary Shelley did not write The Haunted Hill
32%
David Baldacci did not write Mistress
27%
Michael Crichton did not write Second Class Citizen
23%
Maya Angelou did not write So Far from God
23%
Harlan Coben did not write The Beach House
23%
No matching quizzes found
Score Distribution
Percent of People with Each Score
Percentile by Number Answered
Your Score History
You have not taken this quiz